Transforming place and belonging through action research, community practice, and public policy: comparing responses to NIMBYism /
Sábháilte in:
| Príomhchruthaitheoir: | |
|---|---|
| Rannpháirtithe: | |
| Formáid: | Téacs |
| Clibeanna: |
Cuir clib leis
Níl clibeanna ann, Bí ar an gcéad duine le clib a chur leis an taifead seo!
|
MARC
| LEADER | 00000 a a2200000 04500 | ||
|---|---|---|---|
| 001 | 45554 | ||
| 003 | |||
| 040 | |||
| 100 | |a Abraham, Margaret | ||
| 245 | |a Transforming place and belonging through action research, community practice, and public policy: |b comparing responses to NIMBYism / |c Margaret Abraham y Gregory M Maney | ||
| 500 | |a margaret.abraham@hofstra.edu | ||
| 700 | |a Maney, Gregory M | ||
| 773 | |g volumen60, número2 ( , 2012), páginas 178-201 | ||
| 999 | |c 28278 |d 28278 | ||
